书目信息 |
| 题名: |
小户型改造攻略
|
|
| 作者: | ;漂亮家居编辑部 编 | |
| 分册: | ||
| 出版信息: | 南京 江苏凤凰科学技术出版社 2017.7 |
|
| 页数: | 227页 | |
| 开本: | 25cm | |
| 丛书名: | ||
| 单 册: | ||
| 中图分类: | TU241.02- | |
| 科图分类: | ||
| 主题词: | 住宅--室内装饰设计--图集 | |
| 电子资源: | ||
| ISBN: | 978-7-5537-8486-1 | |
| 000 | 01091nam0 2200253 450 | |
| 001 | 0400002862 | |
| 005 | 20171021151517.0 | |
| 010 | @a978-7-5537-8486-1@dCNY69.80 | |
| 100 | @a20170905d2017 em y0chiy50 ea | |
| 101 | 0 | @achi |
| 102 | @aCN@b320000 | |
| 105 | @aa z 000yy | |
| 106 | @ar | |
| 200 | 1 | @a小户型改造攻略@9xiao hu xing gai zao gong lue@e打造小而美的家@f漂亮家居编辑部编 |
| 210 | @a南京@c江苏凤凰科学技术出版社@d2017.7 | |
| 215 | @a227页@c图,照片@d25cm | |
| 305 | @a本书经台湾城邦文化事业股份有限公司麦浩斯出版事业部授权、限中国大陆地区发行 | |
| 330 | @a这是一本从读者装修挑高型小户型会碰到的实际状况,给予一步步照着做的图解化知识,对各种挑高小户型的装修问题,清楚列出几款做法供对应参照,提供直接、清楚、快速的装修建议的图书。书中对于小户型11种常见的格局问题,列举了60种破解的方法,是小户型装修的参考书。 | |
| 517 | 1 | @a打造小而美的家@9da zao xiao er mei de jia |
| 606 | 0 | @a住宅@x室内装饰设计@j图集 |
| 690 | @aTU241.02-@v5 | |
| 711 | 02 | @a漂亮家居编辑部@9piao liang jia ju bian ji bu@4编 |
| 801 | 0 | @aCN@b91MARC@c20171021 |
| 905 | @b1035181-5@dTU241.02-@f5@e1222 | |
| 小户型改造攻略:打造小而美的家/漂亮家居编辑部编.-南京:江苏凤凰科学技术出版社,2017.7 |
| 227页:图,照片;25cm |
| ISBN 978-7-5537-8486-1:CNY69.80 |
| 这是一本从读者装修挑高型小户型会碰到的实际状况,给予一步步照着做的图解化知识,对各种挑高小户型的装修问题,清楚列出几款做法供对应参照,提供直接、清楚、快速的装修建议的图书。书中对于小户型11种常见的格局问题,列举了60种破解的方法,是小户型装修的参考书。 |
| ● |
| 相关链接 |
|
|
|
|
正题名:小户型改造攻略
索取号:TU241.02-/1222
 
预约/预借
| 序号 | 登录号 | 条形码 | 馆藏地/架位号 | 状态 | 备注 |
| 1 | 1035181 | 210351812 | 第二样本阅览室/ [索取号:TU241.02-/1222] | 在馆 | |
| 2 | 1035182 | 210351821 | 密集书库-生命科学系/ [索取号:TU241.02-/1222] | 在馆 | |
| 3 | 1035183 | 210351830 | 第三借阅区/ [索取号:TU241.02-/1222] | 在馆 | |
| 4 | 1035184 | 210351849 | 第三借阅区/ [索取号:TU241.02-/1222] | 在馆 | |
| 5 | 1035185 | 210351858 | 第三借阅区/ [索取号:TU241.02-/1222] | 在馆 |